Responses for Show #1731 - Monday, February 24, 1992

1992 Teen Tournament quarterfinal game 1.

Contestants

[<< previous game]

Adrienne Williams, a senior from Lanham, Maryland

Cori Van Noy, a sophomore from San Diego, California

Rob Marus, a junior from Little Rock, Arkansas

[next game >>]

Jeopardy! Round responses

ENGLISH CLASS
SICKNESS & HEALTH
FEATHERED FRIENDS
STATE NICKNAMES
SPORTS
HEADS
    $100 6
me

Adrienne
    $100 11
headaches

Rob
    $100 23
an ostrich

Adrienne
    $100 1
Hawaii

Rob
    $100 21
Michael Jordan

Adrienne
    $100 16
principal

Adrienne
    $200 7
(Rob: What is an object?)

a subject

Rob
Triple Stumper
    $200 12
tears

Rob
    $200 25
penguins

Rob
    $200 2
North Carolina

Cori
    $200 22
Chris Evert Lloyd (Mill)

Cori
    $200 17
David Byrne

Cori
    $300 8
underline them

Rob
    $300 13
asthma

Rob
    $300 26
a crow

Adrienne
    $300 3
Wisconsin

Adrienne
    $300 24
American Youth Soccer Organization

Cori
    $300 18
secretaries

Cori
    $400 9
an apostrophe

Rob
    $400 14
an anesthetic

Rob
    $400 29
bill

Adrienne
    $400 4
Alaska

Adrienne
    $400 27
(Alex: Yes, he won three times.)

Greg LeMond

Rob
    $400 19
foreman

Adrienne
    $300 10
a declension

Rob
    $500 15
white

Cori
    $500 30
a finch (bullfinch)

Rob
    $500 5
Georgia

Rob
    $500 28
Carl Lewis

Cori
    $500 20
(Adrienne: [Smiles])

Khan

RobAdrienne

Scores at the first commercial break (after clue 15):

Rob Cori Adrienne
$2,400 $700 $800

Scores at the end of the Jeopardy! Round:

Rob Cori Adrienne
$4,000 $2,200 $1,700

Double Jeopardy! Round responses

WORLD LEADERS
POETRY
U.S. HISTORY
CHEMISTRY
WORD ORIGINS
TAILS
    $200 6
France

Adrienne
    $200 8
Nevermore

Rob
    $200 1
the Senate & the House of Representatives

Rob
    $200 14
(Alex: Yes, frozen water.)

H2O

Rob
    $200 17
a monk

Cori
    $200 19
pigtails (ponytails)

Adrienne
    $400 7
Fidel Castro

Cori
    $400 10
Walt Whitman

Cori
    $400 2
Mississippi

Rob
    $400 18
nitroglycerin

Triple Stumper
    $400 22
(Cori: What is a frieze?)

a mural

CoriAdrienne
    $400 25
a comet

Rob
    $600 9
(John) Major

Adrienne
    $600 11
Wynken, Blynken & Nod

Triple Stumper
    $600 3
the nuclear submarines

Triple Stumper
    $600 20
sodium chloride

Cori
    $600 24
noon

Cori
    $1,000 28
An American Tail

Rob
    $800 15
Spain

Rob
    $800 12
Emily Dickinson

Cori
    $800 4
the Panama Canal Zone

Rob
    $800 21
bonds

Rob
    $800 26
(Adrienne: What is the Confederacy?)
...
(Alex: The $10 notes were written in French, they said, "Dix", and hence the word [*].)

Dixie

Adrienne
Triple Stumper
    $800 29
(Rob: What's the Manx cat?)

the bobcat

Rob
Triple Stumper
    $600 16
Brian Mulroney

Rob
    $1000 13
(T.S.) Eliot

Cori
    $1000 5
the Federal Deposit Insurance Corporation

Rob
    $1000 23
(Adrienne: What are families?)

groups

RobAdrienne
    $1000 27
a hypocrite

Rob
    $1000 30
the "Blue Tail Fly"

Triple Stumper

Scores at the end of the Double Jeopardy! Round:

Rob Cori Adrienne
$11,600 $5,800 $1,300
(lock-tie game)

Final Jeopardy! Round responses

CHILDREN'S BOOKS
[Adrienne included the word "Factory" when Alex asked for clarification on her hard-to-read response.]
[ERRATUM: Martin Handford's name was misspelled in the clue as shown.]
AdrienneWho is Charlie in the Chocolate
$1,300
CoriWho is Waldo?
$5,800
RobWho is Chuck
$400
Waldo

Final scores:

Rob Cori Adrienne
$11,200 $11,600 $0
2nd place: $1,000 if eliminated Automatic semifinalist 3rd place: $1,000 if eliminated

Game dynamics:

Coryat scores:

Rob Cori Adrienne
$11,800 $5,800 $1,300
26 R
(including 3 DDs),
2 W
14 R,
1 W
13 R,
3 W

Combined Coryat: $18,900

[game clues] [game scores] [suggest correction]

Game tape date: 1992-01-03
The J! Archive is created by fans, for fans. Scraping, republication, monetization, and malicious use prohibited; this site may use cookies and collect identifying information. See terms. The Jeopardy! game show and all elements thereof, including but not limited to copyright and trademark thereto, are the property of Jeopardy Productions, Inc. and are protected under law. This website is not affiliated with, sponsored by, or operated by Jeopardy Productions, Inc. Join the discussion at JBoard.tv.